Portales /

Gespeichert in:
Bibliographische Detailangaben
1. Verfasser: Pedroza Holguín, Laura Vanesa (VerfasserIn)
Weitere Verfasser: Castro Ramírez, Diana Sofía (IllustratorIn), París, Andrés Felipe (HerausgeberIn)
Format: Elektronisch E-Book
Sprache:Spanisch
Veröffentlicht: Colombia, Sur América : Editorial Bonaventuriana, 2021.
Ausgabe:Libro digital.
Schlagworte:
Online-Zugang:Digitalia Hispánica
Tags: Tag hinzufügen
Keine Tags, Fügen Sie den ersten Tag hinzu!

MARC

LEADER 00000nam a2200000Ii 4500
001 DIGEDBONAV0101
003 NyNyDIG
008 230516s2021 ck a o 000 j spa d
006 m o d
007 cr |||||||||||
035 |a (OCoLC)1380642859 
040 |a DGITA  |b eng  |e rda  |e pn  |c DGITA 
020 |a 9789585415751  |q eBook  
043 |a s-ck--- 
050 1 4 |a PQ6716.E37 ebook 
100 1 |a Pedroza Holguín, Laura Vanesa,  |e author.  
245 1 0 |a Portales /  |c autores, Laura Vanesa Pedroza Holguín [and 6 others] ; Diana Sofía Castro Ramírez, ilustradora ; Andrés Felipe París, editor académico. 
250 |a Libro digital. 
264 1 |a Colombia, Sur América :  |b Editorial Bonaventuriana,  |c 2021. 
300 |a 1 online resource :  |b illustrations. 
336 |a text  |b txt  |2 rdacontent 
337 |a computer  |b c  |2 rdamedia 
338 |a online resource  |b cr  |2 rdacarrier 
347 |a text file  |2 rdaft 
347 |b PDF 
588 0 |a Online resource; title from PDF title page (Digitalia, viewed May 16, 2023) 
655 7 |a Short stories.  |2 lcgft  
700 1 |a Castro Ramírez, Diana Sofía,  |e illustrator. 
700 1 |a París, Andrés Felipe,  |e editor. 
791 2 |a Digitalia (Firm),  |e distributor. 
793 0 |g Digitalia eBook Collection:  |a Editorial Bonaventuriana  
856 4 0 |3 Digitalia Hispánica  |u https://digitalia.unach.elogim.com/a/124996/ 
910 |a Premium collection: 2023